000 01012nam a22002897a 4500
003 CHAP
005 20220329140601.0
008 971013s1965 r 10010 d
010 _a54282
011 _a55254
035 _a59406
040 _cCHAP
082 _a338.1063
_bS45 1965
111 0 0 _aSeminario Internacional de Profesores de Economía Agrícola (
_d1965
_c: Medellín)
_9104127
245 _aInforme
260 _aMedellín :
_bIICA. Dirección Regional de la Zona Andina,
_c1965
300 _a(pág. var.)
590 _aBATCH-UPD
_b10
_c20130110
_lUCH01
_h0454
590 _aBATCH-UPD
_b10
_c20130410
_lUCH01
_h0131
590 _aBATCH-UPD
_b10
_c20130914
_lUCH01
_h2019
590 _aCONVERSION
_b10
_c20130109
_lUCH01
_h1329
650 1 4 _aAgricultura
_xAspectos economicos
_xCongresos.
_91234
901 _aBK
942 _cLIBRO
949 _a338.1063 S45 1965
_bBC
_cLIBRO
_d33724000359311
_eLIBRO
_h19968
_i59406
_si
949 _a338.1063 S45 1965
_bBC
_cLIBRO
_d33724000359329
_eLIBRO
_fc.2
_h13289
_i59406
_si
999 _c54282
_d54282